000 00836cam a2200193 i 4500
005 20260126094307.0
008 250721s2023 ua gr 000 0 ara d
020 _a9789778618068
082 1 4 _a346.048
_bع ب د
100 1 _aعبدالعزيز، عبدالعزيز
_eمؤلف.
245 1 0 _aجرائم الاعتداء على حقوق الملكية الفكرية للمصنفات الرقمية في التشريعات العربية و الاتفاقات / ت الدولية /
_cالدكتور عبد العزيز احمد عبد العزيز.
250 _aالطبعة الاولى.
264 3 1 _aالاسكندرية :
_bمؤسسة المعرفة،
_c2023.
300 _a518 صفحة.
650 1 7 _aالقانون.
650 1 7 _aالملكية الفكرية.
942 _2ddc
_cBK
999 _c146332
_d146332